000 00282nam a22001217a 4500
008 171123b xxu||||| |||| 00| 0 eng d
041 _aeng
080 _23RD
_a62
100 _a26
101 _aIM
245 _aELECTRICITY IN THE HOME AND ON THE FARM
_cWRIGHT,F.B
942 _2udc
_cBK
999 _c38393
_d38393